|
|
|
|
| LEADER |
00923nam a22002892i 4500 |
| 001 |
000446336 |
| 003 |
CZ BrMZK |
| 005 |
20151026111342.0 |
| 007 |
ta |
| 008 |
031026s1955 pl er|||||||||||pol d |
| 040 |
|
|
|a OSA001
|b cze
|d BOA001
|e rda
|
| 100 |
1 |
|
|a Staff, Leopold,
|d 1878-1957
|7 ola2003172166
|4 aut
|
| 245 |
1 |
0 |
|a Wiersze zebrane.
|n Tom 4,
|p Sowim piórem.
|p Źywiąc się w locie.
|p Ucho igielne /
|c Leopold Staff
|
| 246 |
3 |
0 |
|a Sowim piórem
|
| 246 |
3 |
0 |
|a Źywiąc się w locie
|
| 246 |
3 |
0 |
|a Ucho igielne
|
| 250 |
|
|
|a 1. wydanie
|
| 264 |
|
1 |
|a Warszawa :
|b Państwowy Instytut Wydawniczy,
|c 1955
|
| 300 |
|
|
|a 335 stran
|
| 336 |
|
|
|a text
|b txt
|2 rdacontent
|
| 337 |
|
|
|a bez média
|b n
|2 rdamedia
|
| 338 |
|
|
|a svazek
|b nc
|2 rdacarrier
|
| 653 |
0 |
|
|a poezie
|
| 910 |
|
|
|a BOA001
|b 2-0354.725
|
| 990 |
|
|
|a BK
|
| 991 |
|
|
|b 201510
|
| 996 |
7 |
|
|b 2619766107
|c 2-0354.725
|l MZK
|r Sklad / do 24 hodin
|n 0
|w 000446336
|u 000010
|a 1
|e BOA001
|j MZK50
|s A
|